[Event "Martigny op 24th"]
[Site "Martigny"]
[Date "2015.08.03"]
[Round "6"]
[White "Perret, Stephane"]
[Black "Salzgeber, Frank"]
[Result "0-1"]
[WhiteElo "1875"]
[BlackElo "2212"]
[PlyCount "34"]
[EventDate "2015.07.31"]
[EventType "swiss"]
[EventRounds "7"]
[EventCountry "SUI"]
[SourceTitle "EXT 2017"]
[Source "ChessBase"]
[SourceDate "2016.10.25"]
[SourceVersion "1"]
[SourceVersionDate "2016.10.25"]
[SourceQuality "1"]

1. e4 c5 2. Nf3 e6 3. d4 cxd4 4. Nxd4 a6 5. c4 Nf6 6. Nc3 Qc7 7. f3 Bd6 8. g3 Nc6 9. Be3 h5 10. Be2 h4 11. f4 Bb4 12. Bf3 d6 13. Nxc6 bxc6 14. e5 dxe5 15. fxe5 Nd7 16. Bf4 g5 17. Bxg5 Qxe5+ 0-1